| 000 | 00504nam a22001817a 4500 | ||
|---|---|---|---|
| 005 | 20210427062954.0 | ||
| 008 | 210312s ||||| |||| 00| 0 eng d | ||
| 040 |
_aeng _cDLC |
||
| 041 |
_aeng _hita |
||
| 080 |
_a92 _bC-38 |
||
| 100 |
_91414 _aCellini, Benvenuto |
||
| 245 |
_aAutobiography of Benvenuto Cellini _c/ by: Dolphin Books |
||
| 260 |
_aGarden City, New York _bDolphin Books |
||
| 300 |
_a518 p. _bill. |
||
| 650 | 0 |
_9237 _aBiography |
|
| 653 | _aბიოგრაფია | ||
| 942 |
_2udc _cBK |
||
| 999 |
_c2213 _d2213 |
||